[Event "5th IECC"]
[Site "Antalya TUR"]
[Date "2004.05.20"]
[Round "5"]
[White "Pashikian,A"]
[Black "Gashimov,V"]
[Result "0-1"]
[WhiteElo "2466"]
[BlackElo "2565"]

1.e4 c5 2.Nc3 e6 3.Nf3 Nc6 4.d4 cxd4 5.Nxd4 Nf6 6.a3 Qc7 7.Be3 a6 8.Be2 b5
9.f4 b4 10.axb4 Bxb4 11.Bf3 Bb7 12.Ne2 d5 13.exd5 Nxd5 14.Bxd5 exd5 15.O-O Ne7
16.f5 Bd6 17.Ng3 h5 18.Bd4 O-O-O 19.Rf3 h4 20.Nf1 Nc6 21.Na4 Nxd4 22.Qxd4 Be5
23.Qa7 Qe7 24.Raa3 d4 25.Nb6+ Kc7 26.Rxa6 Rd6 27.Nd2 d3 28.Nb3 d2 29.Nxd2 Rxd2  0-1

[Event "Victor Syre Open"]
[Site "Issy les Moulineaux FRA"]
[Date "2004.05.20"]
[Round "2"]
[White "Hristodorescu,D"]
[Black "Bellardi,M"]
[Result "1-0"]
[WhiteElo "2262"]
[BlackElo "2071"]

1.e4 c5 2.Nf3 e6 3.d4 cxd4 4.Nxd4 Nc6 5.Nc3 Qc7 6.Be3 a6 7.g3 Nf6 8.Bg2 Bb4
9.O-O O-O 10.Na4 Ne5 11.a3 Be7 12.Ne2 Nc4 13.Bc1 d5 14.b3 Na5 15.Be3 b5 16.Bb6 Qd7
17.Bxa5 bxa4 18.exd5 exd5 19.b4 Bb7 20.c4 Bd8 21.Bxd8 Raxd8 22.c5 Rfe8 23.Nd4 Ne4
24.Rc1 Bc6 25.Qd3 Qb7 26.Rfd1 f5 27.Bf1 f4 28.Qxa6 Qf7 29.Rc2 fxg3 30.fxg3 Qh5
31.Qe2 Qg6 32.Qg2 Bd7 33.Be2 Qf6 34.c6 Bc8 35.Bf3 Ng5 36.h4 Re1+ 37.Rxe1 Qxd4+
38.Kh2 Bh3 39.c7 Rc8 40.Bxd5+ Kh8 41.Qd2  1-0

[Event "Victor Syre Open"]
[Site "Issy les Moulineaux FRA"]
[Date "2004.05.21"]
[Round "3"]
[White "Arbau,E"]
[Black "Nguyen Thanh Tong"]
[Result "0-1"]
[WhiteElo "2033"]
[BlackElo "2229"]

1.e4 c5 2.Nc3 e6 3.Nge2 Nc6 4.d4 cxd4 5.Nxd4 a6 6.Be3 Qc7 7.f3 Nf6 8.Qd2 b5
9.g4 d6 10.h4 Bb7 11.O-O-O Rc8 12.Bxb5 axb5 13.Ndxb5 Qb8 14.Nxd6+ Bxd6 15.Qxd6 Qxd6
16.Rxd6 Ne5 17.Rb6 Bc6 18.Bd4 Nxf3 19.Bxf6 gxf6 20.Rf1 Ne5 21.Rxf6 Nd7  0-1

[Event "Victor Syre Open"]
[Site "Issy les Moulineaux FRA"]
[Date "2004.05.21"]
[Round "4"]
[White "Chanoine,G"]
[Black "Bellardi,M"]
[Result "1-0"]
[WhiteElo "2211"]
[BlackElo "2071"]

1.e4 c5 2.Nf3 e6 3.d4 cxd4 4.Nxd4 Nc6 5.Nc3 Qc7 6.g3 a6 7.Bg2 Nf6 8.Nb3 Bb4
9.O-O Bxc3 10.bxc3 d5 11.exd5 Nxd5 12.c4 Nde7 13.Bb2 O-O 14.Rb1 e5 15.Re1 Be6
16.Qe2 Rad8 17.Bc3 Ng6 18.h4 Nd4 19.Bxd4 exd4 20.Nd2 b6 21.Rb4 Rfe8 22.Qh5 Bc8
23.Reb1 Re5 24.Qf3 Rde8 25.Rxb6 Re1+ 26.Kh2 Nxh4 27.Qc6 Qd8 28.Rxe1 Rxe1
29.Rb8 Re8 30.Bh3 f5 31.gxh4 Re2 32.Rxc8  1-0

[Event "TCh-SCG"]
[Site "Petrovac SCG"]
[Date "2004.05.22"]
[Round "7"]
[White "Solak,D"]
[Black "Stojanovic,Da"]
[Result "1-0"]
[WhiteElo "2552"]
[BlackElo "2437"]

1.e4 c5 2.Nc3 e6 3.Nf3 Nc6 4.d4 cxd4 5.Nxd4 Nf6 6.g3 Bb4 7.Bg2 d5 8.exd5 Nxd5
9.O-O O-O 10.Nxd5 exd5 11.c3 Be7 12.Be3 Ne5 13.Re1 Nc4 14.Bf4 Bc5 15.b3 Na3
16.Rc1 a6 17.Re5 Qb6 18.Rxd5 Be6 19.Nxe6 fxe6 20.Rd7 Bxf2+ 21.Kh1 Rad8 22.Be5 Rxd7
23.Qxd7 Rf7 24.Qe8+ Rf8 25.Qe7  1-0

[Event "5th IECC"]
[Site "Antalya TUR"]
[Date "2004.05.23"]
[Round "8"]
[White "Cheparinov,I"]
[Black "Iotov,V"]
[Result "1-0"]
[WhiteElo "2555"]
[BlackElo "2342"]

1.e4 c5 2.Nf3 e6 3.d4 cxd4 4.Nxd4 Nc6 5.Nc3 Qc7 6.Be2 a6 7.O-O Nf6 8.Kh1 Be7
9.f4 d6 10.a4 O-O 11.Be3 Re8 12.Bg1 Rb8 13.Bd3 Nxd4 14.Bxd4 e5 15.Be3 exf4
16.Rxf4 Be6 17.Bd4 Nd7 18.Nd5 Bxd5 19.exd5 Bf6 20.Bxf6 Nxf6 21.Rxf6 gxf6
22.Qh5 Re5 23.Qxh7+ Kf8 24.Rf1 Ke7 25.Qg7 Rf8 26.Qxf6+ Ke8 27.h3 Qe7 28.Qf2 Rg8
29.c4 Kd8 30.Qa7 Kc7 31.c5 dxc5 32.Bxa6 Rb8 33.Bc4 f5 34.Qa5+ b6 35.Qd2 Qd6
36.b3 Rbe8 37.a5 Rc8 38.a6 Rce8 39.Qg5 Qe7 40.Qg3 Qd6 41.Bb5 Ra8 42.Qg7+ Re7
43.Qg5 Rf8 44.a7 Ra8 45.Ra1 Qe5 46.Ra2 Qe1+ 47.Kh2 Qe5+ 48.g3 Rg7 49.Qh4 Qxd5
50.Bf1 Qxb3 51.Qf4+ Kc8 52.Bc4 Qd1 53.Ba6+ Rb7 54.Qxf5+ Kc7 55.Bxb7 Kxb7
56.Qe4+  1-0

[Event "5th IECC"]
[Site "Antalya TUR"]
[Date "2004.05.23"]
[Round "8"]
[White "Pashikian,A"]
[Black "Macieja,B"]
[Result "1/2-1/2"]
[WhiteElo "2466"]
[BlackElo "2633"]

1.e4 c5 2.Nc3 e6 3.Nf3 Nc6 4.d4 cxd4 5.Nxd4 Qc7 6.Be3 a6 7.Be2 Nf6 8.O-O Bb4
9.Na4 Be7 10.Nxc6 bxc6 11.Nb6 Rb8 12.Nxc8 Qxc8 13.e5 Nd5 14.Bc1 Bc5 15.c4 Ne7
16.b3 O-O 17.Bb2 Qc7 18.Bd3 Ng6 19.Kh1 Rbd8 20.Qh5 Qa5 21.f4 Qd2 22.Qe2 Qxe2
23.Bxe2 a5 24.Bc3 Ra8 25.Rad1 Rfd8 26.g3 Bb4 27.Bd4 Rdb8 28.Bb2 Nf8 29.Rd3 Be7
30.a4 Rb7 31.Bd1 f5 32.h4 Bc5 33.Be2 h5  1/2-1/2

[Event "ch-URU"]
[Site "Montevideo URU"]
[Date "2004.05.23"]
[Round "11"]
[White "Magaldi,N"]
[Black "Izquierdo,D"]
[Result "0-1"]
[WhiteElo "2185"]
[BlackElo "2307"]

1.e4 c5 2.Nc3 e6 3.Nf3 Nc6 4.d4 cxd4 5.Nxd4 a6 6.Nxc6 bxc6 7.Be2 d5 8.exd5 cxd5
9.O-O Nf6 10.Bf3 Be7 11.Bf4 O-O 12.Ne2 Bb7 13.b3 Qb6 14.Be5 Rac8 15.c3 Nd7
16.Bg3 Bf6 17.Rc1 Ne5 18.Bxe5 Bxe5 19.Qd2 g6 20.Rfd1 Rfd8 21.Qe3 Qxe3 22.fxe3 Bd6
23.g3 Rc7 24.Kf2 Rdc8 25.Ke1 Bc5 26.Kd2 Rd8 27.Ng1 e5 28.b4 Be7 29.Ke2 e4
30.Bg2 Rdc8 31.Kd2 d4 32.Bh3 f5 33.a3 Bg5  0-1

[Event "5th IECC"]
[Site "Antalya TUR"]
[Date "2004.05.24"]
[Round "9"]
[White "Haznedaroglu,K"]
[Black "Iotov,V"]
[Result "1-0"]
[WhiteElo "2395"]
[BlackElo "2342"]

1.e4 c5 2.Nf3 e6 3.d4 cxd4 4.Nxd4 Nc6 5.Nc3 Qc7 6.Be3 a6 7.Bd3 Nf6 8.O-O Ne5
9.h3 Bc5 10.Kh1 d6 11.f4 Ng6 12.Qe1 O-O 13.f5 Ne5 14.Qh4 Bd7 15.Rf3 Nxf3
16.gxf3 Qd8 17.Rg1 Ne8 18.Rxg7+ Nxg7 19.f6 Kh8 20.Bg5 Bxd4 21.fxg7+ Bxg7
22.e5 h6 23.Qe4 f5 24.exf6  1-0

[Event "XII Guillermo Garcia Prem I"]
[Site "Santa Clara CUB"]
[Date "2004.05.24"]
[Round "4"]
[White "Leon Hoyos,M"]
[Black "Borges Mateos,J"]
[Result "1/2-1/2"]
[WhiteElo "2286"]
[BlackElo "2426"]

1.e4 c5 2.Nf3 e6 3.d4 cxd4 4.Nxd4 Nc6 5.Nc3 Qc7 6.f4 a6 7.Nxc6 bxc6 8.Bd3 d5
9.O-O Nf6 10.Kh1 Be7 11.e5 Nd7 12.Qg4 g6 13.Na4 Nb6 14.Nxb6 Qxb6 15.c4 a5
16.Qe2 Ba6 17.Be3 Bc5 18.Bxc5 Qxc5 19.Rac1 Qd4 20.Rc3 Qb6 21.Rb3 Qc5 22.cxd5 Bxd3
23.Qxd3 cxd5 24.Qd2 O-O 25.Rc1 Qe7 26.Rb5 Rfb8 27.Rbc5 Qb7 28.Rc7 Qb4 29.Qf2 Qe4
30.h3 h5 31.a3 Rb3 32.Kg1 Re3 33.R1c2 d4 34.R7c4 Kh7 35.Rd2 Rd8 36.Rc7 Kg8
37.Qh4 Rf8 38.Rc4 Re2 39.Rxe2 Qxe2 40.Rxd4 Qxb2 41.Rd6 Qxa3 42.Qf6 Qg3 43.Rd8 Rxd8
44.Qxd8+ Kh7 45.Qf6 Qe3+ 46.Kh2 Qa7 47.Qd8 a4 48.Qd2 a3 49.Qa2 Qe3 50.Qc4 Qd2
51.f5 Qe3 52.fxg6+ Kxg6 53.Qc2+ Kg7 54.Kh1 Qe1+ 55.Kh2 Qxe5+ 56.Kh1 Qd4 57.Qb3 Qd6
58.Qc3+ f6 59.Qb3 h4 60.Qa4 f5 61.Qa7+ Kg6 62.Qa4 Kg5 63.Qa8 e5 64.Qg8+ Kf4
65.Qb3 e4 66.Qa4 Kg3 67.Qd4 Qh6 68.Qe3+  1/2-1/2

[Event "57th ch-RUS Qualifier"]
[Site "St Petersburg RUS"]
[Date "2004.05.25"]
[Round "5"]
[White "Najer,E"]
[Black "Ionov,S"]
[Result "1-0"]
[WhiteElo "2606"]
[BlackElo "2538"]

1.e4 c5 2.Nf3 e6 3.d4 cxd4 4.Nxd4 Nc6 5.Nc3 d6 6.Be3 Nf6 7.Qe2 Be7 8.O-O-O O-O
9.g4 a6 10.g5 Nxd4 11.Bxd4 Nd7 12.f4 b5 13.Rg1 b4 14.Na4 Bb7 15.b3 Bc6 16.Rg3 e5
17.fxe5 Bxg5+ 18.Be3 Bxe3+ 19.Qxe3 Nxe5 20.Nb6 Ra7 21.Nc4 Rd7 22.Bh3 Nxc4
23.bxc4 Re7 24.Rxg7+  1-0

[Event "57th ch-RUS Qualifier"]
[Site "St Petersburg RUS"]
[Date "2004.05.29"]
[Round "8"]
[White "Dolmatov,S"]
[Black "Belov,Vl"]
[Result "1/2-1/2"]
[WhiteElo "2573"]
[BlackElo "2543"]

1.e4 c5 2.Nf3 Nc6 3.d4 cxd4 4.Nxd4 e6 5.Nc3 Qc7 6.Be2 a6 7.O-O b5 8.Nxc6 dxc6
9.f4 Bb7 10.Qd3 c5 11.f5 c4 12.Qh3 e5 13.Bg5 Be7 14.Bxe7 Nxe7 15.Rad1 O-O
16.f6 Ng6 17.Qe3 Rfd8 18.fxg7 Rxd1 19.Rxd1 Rd8 20.Bg4 Rxd1+ 21.Nxd1 Qd6 22.c3 Bc8  1/2-1/2

[Event "Mitropa Cup"]
[Site "Zemplinska Sirava SVK"]
[Date "2004.05.29"]
[Round "1"]
[White "Babula,V"]
[Black "Prusikin,M"]
[Result "1/2-1/2"]
[WhiteElo "2584"]
[BlackElo "2518"]

1.e4 c5 2.Nf3 e6 3.d4 cxd4 4.Nxd4 Nc6 5.Nc3 d6 6.Be3 Nf6 7.Bc4 a6 8.Bb3 Qc7
9.Qe2 Na5 10.g4 b5 11.g5 Nd7 12.f4 b4 13.Na4 Bb7 14.f5 e5 15.Nf3 Bxe4 16.O-O Nxb3
17.cxb3 Bxf5 18.Rac1 Qb7 19.Nxe5 dxe5 20.Rxf5 Be7 21.Nc5 Nxc5 22.Bxc5 Bxc5+
23.Rxc5 O-O 24.Rcxe5 Rac8 25.Rf1 Qb6+ 26.Qf2 Qd6 27.Rf5 Rc7 28.Qf4 Qb6+ 29.Rf2 Rd7
30.Kg2 g6 31.Re5 Rd4 32.Qf3 Qd6 33.Rfe2 Rd2 34.h4 Qxe5 35.Rxd2 Rc8 36.Rf2 Rc7
37.Qa8+ Kg7 38.Qxa6 Qe4+ 39.Kg3 Qe3+ 40.Kg2 Qe4+ 41.Kg3 Qe3+ 42.Kg2  1/2-1/2

[Event "Summer II"]
[Site "Alushta UKR"]
[Date "2004.05.30"]
[Round "11"]
[White "Onoprienko,V"]
[Black "Hasangatin,R"]
[Result "0-1"]
[WhiteElo "2374"]
[BlackElo "2503"]

1.e4 c5 2.Nf3 Nc6 3.Nc3 e6 4.d4 cxd4 5.Nxd4 Qc7 6.Be2 a6 7.O-O Nf6 8.Be3 Bb4
9.Na4 Be7 10.Nxc6 bxc6 11.Nb6 Rb8 12.Nxc8 Qxc8 13.Bd4 c5 14.Be5 Rb6 15.Bf3 O-O
16.c4 d6 17.Bc3 Nd7 18.Rb1 Bf6 19.Ba5 Rxb2 20.Rxb2 Bxb2 21.Qxd6 Ne5 22.Be2 Nc6
23.Bb6 Be5 24.Qd2 Bd4 25.a4 Qb8 26.a5 Qe5 27.Kh1 Bc3 28.Qe3 Bd4 29.Qd2 Rc8
30.Qc2 Nb4 31.Qb1 Qf4 32.g3 Qd2 33.Qd1 Qa2 34.f4 Nc6 35.Bd3 Nxa5 36.Bb1 Qa3
37.f5 exf5 38.Bxa5 Qxa5 39.exf5 Re8 40.Qf3 Qc3 41.Qxc3 Bxc3 42.Bc2 Re2 43.Ba4 Kf8
44.Rf3 Be5 45.Rd3 Ra2 46.Bc6 Bd4 47.Rb3 a5 48.Rb7 a4 49.Ra7 a3 50.Bd5 f6
51.h4 Ke8 52.g4 h6 53.Bg2 Bc3 54.Kh2 Kf8 55.Kh3 Bb4 56.g5  0-1

[Event "Mitropa Cup"]
[Site "Zemplinska Sirava SVK"]
[Date "2004.05.30"]
[Round "2"]
[White "Petrik,T"]
[Black "Landenbergue,C"]
[Result "0-1"]
[WhiteElo "2413"]
[BlackElo "2394"]

1.e4 c5 2.Nf3 e6 3.d4 cxd4 4.Nxd4 Nc6 5.Nc3 Qc7 6.Be2 a6 7.O-O Nf6 8.Be3 Be7
9.f4 d6 10.Kh1 Bd7 11.a4 O-O 12.Bf3 Nxd4 13.Qxd4 e5 14.Qd2 b5 15.axb5 axb5
16.h3 b4 17.Rxa8 Rxa8 18.Nd5 Nxd5 19.Qxd5 Rc8 20.fxe5 Be6 21.exd6 Bxd6 22.Qd2 Bc5
23.Bd4 Bxd4 24.Qxd4 Qxc2 25.Qxb4 g6 26.Qd4 Rb8 27.Rf2 Qc1+ 28.Qd1 Qf4 29.Rd2 Kg7
30.Qe2 Rb3 31.Qf2 Re3 32.Kg1 h5 33.Bxh5 Qg5 34.Bf3 Rxf3 35.Qxf3 Qxd2 36.Qc3+ Qxc3
37.bxc3 Kf6 38.Kf2 Ke5 39.Ke3 Bd7 40.h4 Bc6 41.g4 Bxe4 42.c4 f5 43.h5 f4+
44.Ke2 gxh5 45.gxh5 Kf5 46.c5 Kg5  0-1

[Event "TCh-BIH"]
[Site "Neum BIH"]
[Date "2004.05.31"]
[Round "3"]
[White "Short,N"]
[Black "Ribli,Z"]
[Result "1/2-1/2"]
[WhiteElo "2712"]
[BlackElo "2595"]

1.e4 c5 2.Nf3 e6 3.d4 cxd4 4.Nxd4 Nc6 5.Nc3 Qc7 6.Be2 a6 7.O-O Nf6 8.Kh1 Be7
9.f4 d6 10.Nxc6 bxc6 11.Qd3 Bb7 12.b3 c5 13.Bb2 d5 14.e5 Nd7 15.Rae1 g6 16.Qh3 d4
17.Nd1 Nb6 18.c4 dxc3 19.Nxc3 Rd8 20.a4 Rd4 21.a5 Nd5 22.Nxd5 Rxd5 23.Bc3 Rd8
24.Bc4 Qc6 25.Re3 h5 26.Be2 h4 27.Rc1 Qd5 28.Rb1 Qc6 29.Qg4 Rh5 30.h3 Kf8
31.Bf3  1/2-1/2

[Event "3rd ACP Blitz Prelim1"]
[Site "playchess.com INT"]
[Date "2004.05.31"]
[Round "7"]
[White "Atarov,E"]
[Black "Pelletier,Y"]
[Result "1/2-1/2"]
[WhiteElo "2138"]
[BlackElo "2581"]

1.e4 c5 2.Nf3 e6 3.d4 cxd4 4.Nxd4 Nc6 5.Nc3 Qc7 6.Be3 a6 7.Be2 Nf6 8.O-O Bb4
9.Na4 Be7 10.Nc3 d6 11.f4 O-O 12.Nb3 b5 13.a3 Bb7 14.g4 d5 15.e5 Ne4 16.Nxe4 dxe4
17.c3 Rad8 18.Qe1 Na5 19.Nxa5 Qxa5 20.Qf2 Qa4 21.Bd1 Qc4 22.Be2 Qc6 23.Rad1 f6
24.Rxd8 Bxd8 25.exf6 Bxf6 26.Bd1 Kh8 27.Bb3 Rd8 28.Rd1 Rd3 29.Bc2 Qd5 30.Qe2 Bh4
31.Kg2 g5 32.Kh3 Rxd1 33.Qxd1 h6 34.Qd4+ Qxd4 35.Bxd4+ Kg8 36.Be3 Kf7 37.a4 Bd5
38.axb5 axb5 39.b3 gxf4 40.Bxf4 Bf2 41.Kg2 e3+ 42.Kf1 Bf3 43.Bd3 Bxg4 44.Bxb5 Bh3+
45.Ke2 Bg4+ 46.Kf1 h5 47.Bd3 Kf6 48.Bg3 Bh3+ 49.Ke2 Bg4+ 50.Kf1 Bh3+ 51.Ke2 Bg4+
52.Kf1  1/2-1/2

[Event "3rd ACP Blitz Prelim1"]
[Site "playchess.com INT"]
[Date "2004.05.31"]
[Round "9"]
[White "Golubev,M"]
[Black "Pelletier,Y"]
[Result "0-1"]
[WhiteElo "2532"]
[BlackElo "2581"]

1.e4 c5 2.Nf3 e6 3.d4 cxd4 4.Nxd4 Nc6 5.Nc3 Qc7 6.Be3 a6 7.Bd3 Nf6 8.O-O Nxd4
9.Bxd4 Bc5 10.Bxc5 Qxc5 11.Kh1 b5 12.Qd2 Bb7 13.a3 d6 14.Rae1 e5 15.Qg5 O-O
16.Re3 Ne8 17.Nd5 Bxd5 18.exd5 g6 19.h4 f6 20.Qh6 Ra7 21.Rg3 Rg7 22.f4 f5
23.fxe5 dxe5 24.h5 e4 25.Be2 Qd6 26.Rg5 Rf6 27.hxg6 hxg6 28.Kg1 Rh7  0-1

[Event "Mitropa Cup"]
[Site "Zemplinska Sirava SVK"]
[Date "2004.05.31"]
[Round "3"]
[White "Libiszewski,F"]
[Black "Kuljasevic,D"]
[Result "1/2-1/2"]
[WhiteElo "2441"]
[BlackElo "2408"]

1.e4 c5 2.Nf3 Nc6 3.Nc3 e6 4.d4 cxd4 5.Nxd4 Nf6 6.Nxc6 bxc6 7.e5 Nd5 8.Ne4 Qc7
9.f4 Qa5+ 10.c3 Be7 11.Bd3 Qb6 12.Qe2 a5 13.a3 Ba6 14.c4 Qd4 15.Rf1 a4 16.Rf3 Qg1+
17.Rf1 Qd4 18.Rf3 Qg1+ 19.Kd2 f5 20.Nf2 Nc7 21.Kc2 Bb7 22.Nh3 Qb6 23.Be3 c5
24.Rf2 O-O-O 25.Rc1 d6 26.Kb1 dxe5 27.Bc2 exf4 28.Bxf4 Bf6 29.Bxa4 Be4+ 30.Ka2 e5
31.Bd2 Ne6 32.Qe1 Rxd2 33.Rxd2 Nd4 34.b4 Qa7 35.Bc2 Bxc2 36.Rdxc2 Nxc2 37.Rxc2 Rd8
38.Rd2 cxb4 39.Rxd8+ Bxd8 40.Qxb4 Be7 41.Qb3 g5 42.Qf3 Kc7 43.Qxf5 Qxa3+
44.Kb1 Qb3+ 45.Kc1 Ba3+ 46.Kd2 Bb4+ 47.Ke2 Qxc4+ 48.Qd3 Qa2+ 49.Kf1 Qf7+
50.Ke2 Qa2+  1/2-1/2

[Event "TCh-BIH"]
[Site "Neum BIH"]
[Date "2004.06.02"]
[Round "5"]
[White "Rade,M"]
[Black "Pasic,E"]
[Result "1/2-1/2"]
[WhiteElo "2403"]
[BlackElo "2269"]

1.e4 c5 2.Nf3 e6 3.d4 cxd4 4.Nxd4 Nc6 5.Nc3 Qc7 6.Be2 a6 7.O-O Nxd4 8.Qxd4 b5
9.e5 Ne7 10.Bf4 Nf5 11.Qd3 Bb7 12.Ne4 Rc8 13.Rad1 Be7 14.Nf6+ gxf6 15.exf6 Rg8
16.Bxc7 Rxg2+ 17.Kh1 Rxf2+ 18.Kg1 Rg2+ 19.Kh1  1/2-1/2

[Event "3rd ACP Blitz Prelim4"]
[Site "playchess.com INT"]
[Date "2004.06.03"]
[Round "1"]
[White "Shabalov,A"]
[Black "Lautier,J"]
[Result "1/2-1/2"]
[WhiteElo "2624"]
[BlackElo "2680"]

1.e4 c5 2.Nf3 e6 3.d4 cxd4 4.Nxd4 Nc6 5.Nc3 a6 6.Be3 Nf6 7.Qd2 Bb4 8.f3 d5
9.a3 Ba5 10.Nb3 Bxc3 11.Qxc3 dxe4 12.Rd1 Qc7 13.fxe4 O-O 14.Bd3 e5 15.O-O Bg4
16.Rd2 Bh5 17.Rxf6 gxf6 18.Rf2 Rfc8 19.Rxf6 Bg6 20.Qe1 Nd8 21.h4 Ne6 22.Qg3 Qe7
23.Qxe5 Re8 24.h5 Bxh5 25.Rxe6 Qxe6 26.Qxh5 Qg6 27.Qh4 Rad8 28.Nd4 Rd7 29.Nf5 f6
30.Bd2 Rc8 31.Bb4 Rcc7 32.e5 Rxd3 33.Nh6+ Kh8 34.cxd3 Rc2 35.Ng4 h5 36.Qxf6+ Qxf6
37.Nxf6 Re2 38.d4 h4 39.Bc3 Kg7 40.d5 Kf7 41.e6+ Ke7 42.Kf1 Rc2 43.Be5 Rd2
44.Ng8+ Kf8 45.Nh6 Rxd5 46.Bc3 Ke7 47.Ng4 Kxe6 48.Nh2 Kf5 49.Nf3 Kg4 50.Kf2 Rd1
51.Be5 Rb1 52.Nh2+ Kf5 53.Nf3 Kg4 54.Nh2+ Kf5 55.Nf3 Kg4  1/2-1/2

[Event "3rd ACP Blitz Prelim5"]
[Site "playchess.com INT"]
[Date "2004.06.04"]
[Round "4"]
[White "Kobalia,M"]
[Black "Potkin,V"]
[Result "1/2-1/2"]
[WhiteElo "2630"]
[BlackElo "2540"]

1.e4 c5 2.Nf3 e6 3.d4 cxd4 4.Nxd4 Nc6 5.Nc3 Qc7 6.Be3 Nf6 7.Qd2 Nxd4 8.Qxd4 Ng4
9.O-O-O Nxe3 10.Qxe3 a6 11.e5 d6 12.exd6 Bxd6 13.Nd5 Qb8 14.Kb1 O-O 15.Nb6 Ra7
16.Nxc8 Rxc8 17.Bd3 Bc5 18.Qe4 g6 19.h4 b5 20.h5 Bf8 21.hxg6 hxg6 22.Qh4 Bg7
23.Rh3 Qe5 24.c3 Rd7 25.f4 Qf6 26.Qxf6 Bxf6 27.a3 Rcd8 28.Kc2 Kg7 29.Be2 Rxd1
30.Bxd1 g5 31.fxg5 Bxg5 32.Rd3 Rxd3 33.Kxd3 f5 34.Bf3 e5 35.Bb7 e4+ 36.Kc2 a5
37.Ba6 b4 38.cxb4 axb4 39.a4 Kf6 40.Kb3 Bd2 41.a5 Ke5 42.Bc8 e3 43.Ba6 Kd6
44.Bd3 Kc5 45.a6 Kb6 46.Kc2 f4 47.Be2 Be1 48.Bc4 Bd2 49.Kd3 Bc1 50.b3 Ka7
51.Ke4 e2 52.Bxe2 Kb6 53.Kd5 Ka7 54.Kc5 Bd2 55.Kb5 Be1 56.Bc4 Bd2 57.Kc6 Be1
58.g4 fxg3 59.Bf1 Bd2 60.Kb5  1/2-1/2

[Event "3rd ACP Blitz Prelim5"]
[Site "playchess.com INT"]
[Date "2004.06.04"]
[Round "7"]
[White "Pogonina,N"]
[Black "Potkin,V"]
[Result "0-1"]
[WhiteElo "2393"]
[BlackElo "2540"]

1.e4 c5 2.Nf3 e6 3.d4 cxd4 4.Nxd4 Nc6 5.Nc3 Qc7 6.a3 Nf6 7.Be2 Be7 8.O-O O-O
9.Be3 d6 10.f4 Nxd4 11.Bxd4 e5 12.Be3 exf4 13.Bxf4 Be6 14.Kh1 a6 15.Qe1 Nd7
16.Qg3 Ne5 17.Bh6 Ng6 18.Be3 Rac8 19.Bd4 Bh4 20.Qe3 Ne5 21.Bb6 Qe7 22.Qd2 Bg5
23.Be3 Bxe3 24.Qxe3 Rfd8 25.Rad1 Qc7 26.Qg3 Qb6 27.Na4 Qa5 28.Nc3 b5 29.Rd4 f6
30.Rxf6 Qb6 31.Rd1 Bf7 32.Rff1 b4 33.axb4 Qxb4 34.Bxa6 Ra8 35.Bd3 Qxb2 36.Nd5 Bxd5
37.exd5 Rf8 38.Be4 Qb4 39.Qh4 g6 40.Rfe1 Rf7 41.Qh3 Raf8 42.Qe6 Kh8 43.h3 Rf6
44.Qe7 R8f7 45.Qe8+ Kg7 46.Rc1 Qc4 47.Bd3 Qxd5 48.Be4 Qc4 49.Qd8 Rf1+ 50.Rxf1 Rxf1+
51.Rxf1 Qxf1+ 52.Kh2 Qf4+ 53.Kh1 Qxe4 54.Qxd6 Nf7 55.Qc7 Qe1+ 56.Kh2 Qe5+
57.Qxe5+ Nxe5 58.Kg3 Kf6 59.Kf4 g5+ 60.Ke4 Ke6 61.g3 Nc4 62.h4 gxh4 63.gxh4 Kf6
64.Kf4 Kg6 65.Kg4 Ne3+ 66.Kf4 Nxc2 67.Kg4 Ne3+ 68.Kh3 Kh5  0-1

[Event "3rd ACP Blitz Final"]
[Site "playchess.com INT"]
[Date "2004.06.05"]
[Round "1.3"]
[White "Karjakin,Sergey"]
[Black "Macieja,B"]
[Result "1-0"]
[WhiteElo "2580"]
[BlackElo "2633"]

1.e4 c5 2.Nf3 Nc6 3.d4 cxd4 4.Nxd4 e6 5.Nc3 a6 6.Be3 Nf6 7.Qd2 Bb4 8.f3 d5
9.a3 Ba5 10.O-O-O O-O 11.Nb3 Bxc3 12.Qxc3 Qc7 13.Bd3 e5 14.exd5 Nxd5 15.Bxh7+ Kxh7
16.Rxd5 Be6 17.Rd2 Rfd8 18.Rhd1 Rxd2 19.Rxd2 Rc8 20.Nc5 Qe7 21.Qd3+ f5 22.Qd6 Re8
23.Qxe7 Rxe7 24.Bg5 Re8 25.Nxb7 f4 26.Nd6 Rh8 27.Ne4 Nd4 28.Bxf4 Rc8 29.Ng5+ Kg6
30.Nxe6 Nb3+ 31.Kd1 Nxd2 32.Bxd2 Kf5 33.Ng5 a5 34.Ne4 Rd8 35.a4 Ke6 36.Ke2  1-0

[Event "3rd ACP Blitz Octofinal"]
[Site "playchess.com INT"]
[Date "2004.06.05"]
[Round "2"]
[White "Landa,K"]
[Black "Macieja,B"]
[Result "0-1"]
[WhiteElo "2550"]
[BlackElo "2633"]

1.e4 c5 2.Nf3 Nc6 3.Nc3 e6 4.d4 cxd4 5.Nxd4 Qc7 6.Be2 a6 7.O-O Nf6 8.Be3 Bb4
9.Na4 O-O 10.c4 Be7 11.Nc3 b6 12.Rc1 Nxd4 13.Bxd4 d6 14.f3 Bd7 15.Kh1 Qb7
16.a4 Rac8 17.b3 Bc6 18.Qd2 Nd7 19.b4 Ne5 20.f4 Ng6 21.b5 axb5 22.cxb5 Bxe4
23.Nxe4 Qxe4 24.Bf3 Qxf4 25.Qxf4 Nxf4 26.Rxc8 Rxc8 27.Bc6 Bd8 28.Rc1 Nd3
29.Rb1 Nc5 30.Bxc5 dxc5 31.g4 Kf8 32.Rd1 Bf6 33.Rd7 c4 34.Kg2 c3 35.Rd1 Bg5
36.Be4 c2 37.Bxc2 Rxc2+ 38.Kf3 Ra2 39.Rd6 Rxa4 40.Rxb6 g6 41.Rb8+ Kg7 42.b6 Rb4
43.b7 Be7 44.Ke3 Bg5+ 45.Kd3 Bf4 46.Kc3 Rb1 47.Rc8 Rxb7 48.h3 Rc7+ 49.Rxc7 Bxc7  0-1

[Event "3rd ACP Blitz Octofinal"]
[Site "playchess.com INT"]
[Date "2004.06.05"]
[Round "4"]
[White "Landa,K"]
[Black "Macieja,B"]
[Result "1-0"]
[WhiteElo "2550"]
[BlackElo "2633"]

1.e4 c5 2.Nf3 Nc6 3.Nc3 e6 4.d4 cxd4 5.Nxd4 Qc7 6.f4 Nxd4 7.Qxd4 a6 8.Be3 b5
9.Be2 Bb7 10.O-O Rc8 11.Rad1 Nf6 12.Bf3 h5 13.h3 h4 14.a3 Be7 15.Rf2 d6 16.Qd3 Nd7
17.Kh1 Qc4 18.Rfd2 O-O 19.Qxc4 bxc4 20.Kg1 Bc6 21.Rd4 Ba8 22.Be2 Nb6 23.Rxd6 Bxd6
24.Rxd6 Rc6 25.Rxc6 Bxc6 26.Bxb6 Rb8 27.Bd4 Rxb2 28.Bd1 f5 29.Kf2 fxe4 30.Ke3 Rb8
31.Be5 Rb7 32.Be2 Bd5 33.Kd4 Rb2 34.Bd1 Rb7 35.Nxd5 exd5 36.Bg4 Kf8 37.Kxd5 e3
38.Kxc4 Rb1 39.Kd3 Rg1 40.Bf3 Re1 41.Bc3 Rc1 42.Bb2 Rb1 43.Bd4 e2 44.Kxe2 Rc1
45.Kd2 Rb1 46.Be2 g6 47.Bxa6  1-0

[Event "Rapid KO Final"]
[Site "Leon ESP"]
[Date "2004.06.06"]
[Round "2"]
[White "Shirov,A"]
[Black "Svidler,P"]
[Result "1-0"]
[WhiteElo "2713"]
[BlackElo "2733"]

1.e4 c5 2.Nf3 e6 3.d4 cxd4 4.Nxd4 Nc6 5.Nc3 a6 6.Be2 Qc7 7.O-O b5 8.Nxc6 dxc6
9.f4 Bb7 10.e5 Rd8 11.Qe1 Nh6 12.Ne4 c5 13.Ng5 Be7 14.Bd2 c4 15.Ba5 Qc5+
16.Kh1 Rd7 17.c3 Nf5 18.Bf3 Bxf3 19.Nxf3 Qc6 20.Qe2 Rd3 21.Rad1 Qd5 22.Rd2 Ne3
23.Re1 Bc5 24.a3 Ng4 25.Nd4 Bxd4 26.Rxd3 cxd3 27.Qxg4 d2 28.Rd1 Bc5 29.Qxg7 Rf8
30.Qxh7 Be3 31.Bb4 Qb3 32.Qh5 Rg8 33.Qf3 Qd5 34.Qxd5 exd5 35.c4 Bxf4 36.cxd5 Bxe5
37.Rxd2 Kd7 38.g3 Rg4 39.Kg2 Rc4 40.Kf3 Rc1 41.b3 Rf1+ 42.Ke4 Bc7 43.Bc5 f5+
44.Kd3 f4 45.gxf4 Bxf4 46.Rg2 Be5 47.Rg6 Bxh2 48.Rxa6 Rf3+ 49.Ke4 Rxb3 50.Ra7+ Kc8
51.d6 Rc3 52.Rc7+ Kd8 53.Kd5 Bxd6 54.Kxd6  1-0

[Event "Rapid KO Final"]
[Site "Leon ESP"]
[Date "2004.06.06"]
[Round "4"]
[White "Shirov,A"]
[Black "Svidler,P"]
[Result "1-0"]
[WhiteElo "2713"]
[BlackElo "2733"]

1.e4 c5 2.Nf3 e6 3.d4 cxd4 4.Nxd4 Nc6 5.Nc3 a6 6.Nxc6 bxc6 7.e5 Qc7 8.f4 d5
9.exd6 Bxd6 10.g3 Nf6 11.Bg2 O-O 12.O-O Rb8 13.b3 Bc5+ 14.Kh1 Rd8 15.Qe1 Bd4
16.Rb1 a5 17.Ne2 Ba6 18.Bd2 a4 19.c4 Bc5 20.Ba5 Bb6 21.Bxb6 Qxb6 22.Nc3 axb3
23.axb3 Rd3 24.Na4 Qd4 25.Qa5 Ng4 26.Qxa6 Nf2+ 27.Rxf2 Qxf2 28.Rf1 Qe2 29.c5 Rbd8
30.Nc3 Qe3 31.Ne4 h6 32.Nd6 Rxb3 33.Qxc6 Rc3 34.Nxf7 Rxc5 35.Nxd8 Rxc6 36.Nxc6 g5
37.fxg5 hxg5 38.g4 Kg7 39.h3 Qc3 40.Nd8 Qe3 41.Rf7+ Kg8 42.Rf3 Qe1+ 43.Rf1 Qe3
44.Nb7 Qb6 45.Rd1 Qb3 46.Rd8+ Kf7 47.Nc5 Qb1+ 48.Kh2 Qc1 49.Ne4 Qf4+ 50.Ng3 Qe3
51.Rd1 Ke7 52.Ne4 Qf4+ 53.Kh1 Qe3 54.Rf1 Ke8 55.Bf3 Ke7 56.Kg2 Qd3 57.Rc1  1-0

[Event "1st Asean IM"]
[Site "Bangkok THA"]
[Date "2004.06.07"]
[Round "5"]
[White "Wynn Zaw Htun"]
[Black "Nay Oo Kyaw Tun"]
[Result "1/2-1/2"]
[WhiteElo "2430"]
[BlackElo "2431"]

1.e4 c5 2.Nf3 e6 3.d4 cxd4 4.Nxd4 Nc6 5.Nc3 Qc7 6.Be3 a6 7.Bd3 Nf6 8.O-O Ne5
9.h3 Bc5 10.Qe2 d6 11.f4 Ng6 12.Nb3 Bxe3+ 13.Qxe3 b5 14.Rae1 Nd7 15.Nd5 exd5
16.exd5+ Nge5 17.Qe4 g6 18.fxe5 Nxe5 19.Rf6 O-O 20.Qb4 Rd8  1/2-1/2

[Event "Summer III"]
[Site "Alushta UKR"]
[Date "2004.06.13"]
[Round "9"]
[White "Rakhimov,Z"]
[Black "Shtyrenkov,V"]
[Result "1/2-1/2"]
[WhiteElo "2437"]
[BlackElo "2449"]

1.e4 c5 2.Nc3 Nc6 3.Nf3 e6 4.d4 cxd4 5.Nxd4 Nf6 6.Nxc6 bxc6 7.Bd3 e5 8.O-O a5
9.Qe2 Bc5 10.Bg5 h6 11.Bh4 d6 12.Kh1 g5 13.Bg3 h5  1/2-1/2

[Event "ARM-ROW Match"]
[Site "Moscow RUS"]
[Date "2004.06.13"]
[Round "4"]
[White "Leko,P"]
[Black "Svidler,P"]
[Result "1/2-1/2"]
[WhiteElo "2741"]
[BlackElo "2733"]

1.e4 c5 2.Nf3 e6 3.d4 cxd4 4.Nxd4 Nc6 5.Nc3 d6 6.Be3 Nf6 7.Qd2 Be7 8.f3 O-O
9.g4 d5 10.g5 Nh5 11.Rg1 dxe4 12.Nxe4 e5 13.Nxc6 bxc6 14.O-O-O Qc7 15.Bc4 Bf5
16.Qd3 Rad8 17.Nf6+ Nxf6 18.Qxf5 Nd5 19.Bd2 Qb6 20.Qe4  1/2-1/2

[Event "8th Open"]
[Site "Voronezh RUS"]
[Date "2004.06.13"]
[Round "2"]
[White "Frolyanov,D"]
[Black "Kachar,V"]
[Result "1-0"]
[WhiteElo "2494"]
[BlackElo "2393"]

1.e4 c5 2.Nf3 e6 3.d4 cxd4 4.Nxd4 Nc6 5.Nc3 Qc7 6.g3 a6 7.Bg2 d6 8.O-O Be7
9.a4 Nxd4 10.Qxd4 Nf6 11.Be3 O-O 12.h3 Bd7 13.a5 Bc6 14.Rfd1 Rac8 15.Qd2 Rfe8
16.g4 Nd7 17.f4 h6 18.Bf2 Nf6 19.Re1 Nd7 20.Ne2 Nf6 21.Ng3 Nd7 22.c4 Ra8
23.b3 Reb8 24.Nh5 b6 25.axb6 Nxb6 26.Qa5 Qb7 27.Qc3 Bf8 28.Rab1 Nd7 29.b4 Qc7
30.Qd3 Bb7 31.Rec1 Rc8 32.h4 a5 33.b5 Nc5 34.Qf3 a4 35.g5 hxg5 36.hxg5 Nd7
37.Qh3 Qd8 38.g6 Qe8  1-0